header

Functional nanostructured materials and membranes for water treatment (Record no. 57261)

MARC details
000 -LEADER
fixed length control field 01485nam a2200349 a 4500
082 04 - DEWEY DECIMAL CLASSIFICATION NUMBER
Classification number 628.166
245 00 - TITLE STATEMENT
Title Functional nanostructured materials and membranes for water treatment
260 ## - PUBLICATION, DISTRIBUTION, ETC. (IMPRINT)
Place of publication Weinheim an der Bergstrasse, Germany :
Name of publisher Wiley-VCH Verlag GmbH,
Year of publication c2013.
300 ## - PHYSICAL DESCRIPTION
Number of Pages 1 online resource (xxvii, 319 p.) :
Other physical details ill.
650 #0 - SUBJECT ADDED ENTRY--TOPICAL TERM
Topical Term Water
Topical Term Water
Topical Term Nanotechnology.
700 1# - ADDED ENTRY--PERSONAL NAME
Personal name Duke, Mikel.
Personal name Zhao, Dongyuan.
Personal name Semiat, Raphael.
856 40 - ELECTRONIC LOCATION AND ACCESS
Uniform Resource Identifier http://site.ebrary.com/lib/rucke/Doc?id=10674814
588 ## -
-- Description based on online resource; title from title page (ebrary, viewed May 8, 2013).

No items available.

© 2026 Rongo University
Contact us: librarian | system librarian | Rongo university